000 01583nam a2200337Ia 4500
001 114446
003 DR-UNIBE
005 20260312105843.0
008 260312b2007 dr ||||| |||| 00| 0 spa d
020 _a9789945161212
040 _aBIBLIOTECA UNIBE
_cBIBLIOTECA UNIBE
_bspa
041 _aspa
082 0 _aRD 322.42 P438v 2007
100 1 0 _aPérez Modesto, Rafael,
_947965
_d1944-
_eautor
245 1 0 _aVivencias de un guerrillero :
_btestimonio de un combatiente del frente "Juan de Dios Ventura Simó" /
_cRafael Pérez Modesto
250 4 _aPrimera edición
260 _aSanto Domingo :
_b[Editor no identificado],
_c2007
300 _a184 páginas :
_bilustraciones, fotografías (blanco y negro) ;
_c23 cm
520 3 _aPérez Modesto relata en forma sencilla, verídica y con una narrativa limpia las hazanas por la que tuvo que pasar como integrante del Frente Juan de Dios Ventura Simó
600 1 0 _aTrujillo Molina, Rafael Leonidas,
_d1891-1961
_939608
610 2 4 _aMovimiento Revolucionario 14 de junio (República Dominicana)
_9203165
650 7 _aMovimientos revolucionarios
_zRepública Dominicana
_2lemb
_910455
650 7 _aRevolucionarios
_zRepública Dominicana
_2lemb
_910453
651 7 _2lemb
_aRepública Dominicana
_xHistoria, 1961-1965
_9203205
700 1 _aValenzuela, Edgar
_ecuidado de la edición
_948480
700 1 _aGuerrero, Miguel,
_d1945-
_eprologuista
_931512
700 1 _aChez Checo, José,
_d1949-
_ecorrector
_915500
700 1 _aBalcácer, Juan Daniel,
_d1949-
_ecorrector
_9193310
942 _cBK
_2ddc
951 _a20090813 06:28:30
999 _c114446
_d114446